| 000 | 00656nam a2200193 a 4500 | ||
|---|---|---|---|
| 005 | 20230524063547.0 | ||
| 008 | 991125s1968 mx 000 0 spa u | ||
| 035 | _aUPN01000019910 | ||
| 049 | _aCG | ||
| 050 | 4 |
_aQA135.5 _bR3.38 |
|
| 100 | 1 | _aRapkin, Minnie K. | |
| 245 | 1 | 0 |
_aEnseñanza de la aritmética elemental / _cpor Minnie K. Rapkin y Lillian C. Howitt ; tr. por Carlos Moreno Cañadas. |
| 260 |
_aMéxico : _bUTEHA, _c1968. |
||
| 300 | _a113 p.391 | ||
| 440 | 0 |
_aManual UTEHA breve ; _pSección 17. _pEducación ; _v391 |
|
| 650 | 4 |
_aAritmética _xEstudio y enseñanza (Elemental) _95289 |
|
| 700 | 1 |
_aHowitt, Lillian C., _ecoaut. |
|
| 905 | _aLibro | ||
| 999 |
_c19910 _d19910 |
||